[Event "Hastings Masters 2018-19"]
[Site "Hastings ENG"]
[Date "2019.01.06"]
[Round "10.6"]
[White "Murphy, Conor E"]
[Black "Leenhouts, Koen"]
[Result "1-0"]
[WhiteTitle "FM"]
[BlackTitle "IM"]
[WhiteElo "2313"]
[BlackElo "2460"]
[WhiteFideId "421669"]
[BlackFideId "1008439"]
[EventDate "2018.12.28"]

1. e4 c5 2. Nf3 e6 3. d4 cxd4 4. Nxd4 Nc6 5. Nc3 Qc7 6. Be3 a6 7. Qf3 Nf6 8.
O-O-O Ne5 9. Qg3 b5 10. f4 Neg4 11. Bd2 b4 12. Na4 Qa7 13. e5 Qxd4 14. exf6 Nf2
15. Qf3 Rb8 16. Bc3 Qxd1+ 17. Qxd1 Nxd1 18. fxg7 Bxg7 19. Bxg7 Rg8 20. Be5 Nf2
21. Rg1 Nh3 22. Rh1 Nf2 23. Rg1 Nh3 24. Rh1 Ra8 25. Nb6 Bb7 26. Nxa8 Bxa8 27.
Bxa6 Rxg2 28. Rd1 Nf2 29. Rd4 Rg1+ 30. Kd2 Ne4+ 31. Ke2 Rg2+ 32. Ke3 f6 33. Rxb4
Kf7 34. Bd4 Rxh2 35. Bb7 Rh3+ 36. Ke2 Rh2+ 37. Kf3 Nd2+ 38. Ke3 Nf1+ 39. Kd3
Rh3+ 40. Kc4 Nd2+ 41. Kc5 Rh5+ 42. Kb6 Bxb7 43. Kxb7 Ne4 44. a4 Rd5 45. Bb6 Nd6+
46. Kb8 Rd2 47. Rd4 Rxd4 48. Bxd4 h5 49. Kc7 Nc4 50. b3 Na3 51. c4 h4 52. a5 d5
53. a6 dxc4 54. bxc4 1-0

[Event "Hastings Masters 2018-19"]
[Site "Hastings ENG"]
[Date "2019.01.06"]
[Round "10.7"]
[White "Bates, Richard A"]
[Black "Cherniaev, Alexander"]
[Result "0-1"]
[WhiteTitle "IM"]
[BlackTitle "GM"]
[WhiteElo "2358"]
[BlackElo "2390"]
[WhiteFideId "403555"]
[BlackFideId "4117301"]
[EventDate "2018.12.28"]

1. d4 g6 2. Nf3 Bg7 3. g3 c5 4. Bg2 cxd4 5. Nxd4 Nc6 6. Nb3 d6 7. Nc3 Nf6 8. a4
Be6 9. Nd4 Bd7 10. O-O O-O 11. h3 Qc8 12. Nxc6 bxc6 13. Kh2 Rb8 14. e4 Be6 15.
f4 Nd7 16. Qf3 Nc5 17. Re1 Na6 18. Qf2 Qc7 19. a5 Nb4 20. Be3 c5 21. f5 Bc4 22.
Qd2 Qd8 23. b3 Ba6 24. Rad1 Nc6 25. Nd5 Re8 26. Bg5 Be5 27. Bf4 Rb7 28. Bxe5
Nxe5 29. Qh6 Bb5 30. Rf1 Bxf1 31. Rxf1 Kh8 32. a6 Rd7 33. f6 Rg8 34. fxe7 Rxe7
35. g4 Re6 36. g5 Rg7 37. Rf4 Nd7 38. Nf6 Qe7 39. Nd5 Qf8 40. Nc7 Re5 41. Nd5
Rg8 42. Qh4 f5 43. Qf2 Qd8 44. exf5 Qxg5 45. h4 Qh5 46. Bf3 Qh6 47. fxg6 Qxg6
48. c4 Ree8 49. Bg4 Ne5 50. Be2 Qh6 51. Rf5 Ref8 52. Nf6 Rg6 53. Nh5 Rgg8 54.
Nf6 Rg7 55. Bh5 Qc1 56. Ng4 Rxf5 57. Qxf5 Nxg4+ 58. Bxg4 Qb2+ 0-1

[Event "Hastings Masters 2018-19"]
[Site "Hastings ENG"]
[Date "2019.01.06"]
[Round "10.10"]
[White "Miller, Dominic"]
[Black "Kalavannan, Koby"]
[Result "0-1"]
[BlackTitle "FM"]
[WhiteElo "2027"]
[BlackElo "2339"]
[WhiteFideId "438065"]
[BlackFideId "425753"]
[EventDate "2018.12.28"]

1. c4 g6 2. Nc3 Bg7 3. g3 c5 4. Bg2 Nc6 5. Nf3 d6 6. O-O e6 7. e3 Nge7 8. d4 O-O
9. Re1 b6 10. b3 e5 11. d5 e4 12. Nxe4 Bxa1 13. dxc6 Nxc6 14. Nxd6 Bc3 15. Re2
Bg4 16. h3 Be6 17. Rc2 Bg7 18. Rd2 Qc7 19. Nb5 Qe7 20. Ne1 a6 21. Bxc6 Rac8 22.
Bd7 Bxd7 23. Rxd7 Rcd8 24. Rd2 axb5 25. cxb5 Bc3 26. Rxd8 Rxd8 27. Qe2 Qd7 0-1

[Event "Hastings Masters 2018-19"]
[Site "Hastings ENG"]
[Date "2019.01.06"]
[Round "10.12"]
[White "Taylor, Adam A"]
[Black "Willow, Jonah B"]
[Result "0-1"]
[BlackTitle "FM"]
[WhiteElo "2122"]
[BlackElo "2218"]
[WhiteFideId "415790"]
[BlackFideId "438804"]
[EventDate "2018.12.28"]

1. Nf3 c5 2. c4 Nc6 3. Nc3 g6 4. g3 Bg7 5. Bg2 e6 6. O-O Nge7 7. e3 O-O 8. d4 d6
9. b3 cxd4 10. Nxd4 Nxd4 11. exd4 Nf5 12. Ne2 Rb8 13. a4 Bd7 14. Ra2 Qa5 15. Ba3
Rfd8 16. Qd2 Qb6 17. Qb4 Bxd4 18. Nxd4 Qxd4 19. Rd2 Qf6 20. Bb2 e5 21. f4 Bc6
22. Qc3 Bxg2 23. Rxg2 Re8 24. g4 Ng7 25. Rgf2 Qe7 26. fxe5 dxe5 27. Rxf7 Qxf7
28. Rxf7 Kxf7 29. Qf3+ Kg8 30. Qd5+ Re6 31. Bxe5 Re8 32. Kg2 Re7 33. c5 Kh8 34.
Bd4 h6 35. h4 Kh7 36. b4 Re2+ 37. Kf3 h5 38. gxh5 Nxh5 39. b5 Re1 40. Qd8 Re8
41. Qd6 R1e6 42. Qc7+ R6e7 43. Qd6 Rf7+ 44. Kg2 Re2+ 45. Kg1 Nf4 46. Kf1 Re4 47.
Bg1 Nh5+ 48. Kg2 Re2+ 49. Kh3 Rf3+ 50. Kg4 Ra3 51. Bf2 Rxf2 52. Qe7+ Kh6 53.
Qg5+ Kg7 54. Qe7+ Rf7 55. Qe5+ Kh7 0-1

[Event "Hastings Masters 2018-19"]
[Site "Hastings ENG"]
[Date "2019.01.06"]
[Round "10.13"]
[White "Snape, Ian L"]
[Black "Royset, Pal"]
[Result "0-1"]
[WhiteElo "2110"]
[BlackElo "2165"]
[WhiteFideId "404489"]
[BlackFideId "1501330"]
[EventDate "2018.12.28"]

1. e4 c5 2. Nf3 d6 3. d4 cxd4 4. Nxd4 Nf6 5. Nc3 a6 6. Bc4 e6 7. Bb3 Nbd7 8. Bg5
Nc5 9. f4 h6 10. Bxf6 Qxf6 11. O-O g6 12. f5 Bg7 13. Ndb5 axb5 14. Nxb5 O-O 15.
fxe6 Qg5 16. exf7+ Kh7 17. Nc7 Nxb3 18. Nxa8 Nxa1 19. Qxd6 Nxc2 20. Nc7 Qe3+ 21.
Kh1 Rxf7 0-1

[Event "Hastings Masters 2018-19"]
[Site "Hastings ENG"]
[Date "2019.01.06"]
[Round "10.17"]
[White "Villiers, Thomas"]
[Black "Nettleton, Charlie B"]
[Result "1-0"]
[WhiteTitle "CM"]
[WhiteElo "2226"]
[BlackElo "2050"]
[WhiteFideId "427209"]
[BlackFideId "419710"]
[EventDate "2018.12.28"]

1. Nf3 d5 2. c4 c6 3. b3 Nf6 4. Bb2 Bf5 5. e3 e6 6. Be2 h6 7. Nc3 Nbd7 8. O-O
Bd6 9. d4 Ne4 10. Nxe4 Bxe4 11. Nd2 Bf5 12. Bf3 O-O 13. Re1 a5 14. e4 dxe4 15.
Nxe4 Bb4 16. Re3 Nf6 17. Nc5 Bxc5 18. dxc5 Qxd1+ 19. Rxd1 Rfd8 20. Ree1 Ne8 21.
Bc3 a4 22. b4 Bc2 23. Rxd8 Rxd8 24. Rc1 Bf5 25. b5 Rc8 26. Be5 f6 27. Bb2 e5 28.
g4 Be6 29. h3 Kf7 30. Ba3 g6 31. Rc3 f5 32. Bc1 e4 33. Bd1 cxb5 34. cxb5 Bxa2
35. gxf5 gxf5 36. Bxa4 h5 37. Bf4 Ke7 38. c6 b6 39. Be3 Nc7 40. Bxb6 Nd5 41.
Bc5+ Kd8 42. Rg3 Nf4 43. Kh2 Nd3 44. Bd6 f4 45. Rg7 Ra8 46. b6 1-0

[Event "Hastings Masters 2018-19"]
[Site "Hastings ENG"]
[Date "2019.01.06"]
[Round "10.18"]
[White "Ratnesan, Ranesh"]
[Black "Sumit, Kumar"]
[Result "1/2-1/2"]
[WhiteElo "2063"]
[BlackElo "2219"]
[WhiteFideId "439339"]
[BlackFideId "5054010"]
[EventDate "2018.12.28"]

1. d4 Nf6 2. Bg5 Ne4 3. Bf4 d5 4. f3 Nf6 5. e4 e6 6. e5 Nfd7 7. Be3 c5 8. c3 Nc6
9. f4 a6 10. Nf3 b5 11. Be2 cxd4 12. cxd4 Bb4+ 13. Nbd2 Bb7 14. O-O O-O 15. Bd3
f5 16. g4 Ne7 17. a3 Bxd2 18. Bxd2 h6 19. Bb4 g6 20. b3 Rf7 21. Ra2 fxg4 22. Nh4
Nf5 23. Nxg6 Rg7 24. Qxg4 h5 25. Qxh5 Qh4 26. Be2 Qxh5 27. Bxh5 Nh4 28. Kh1 Nxg6
29. Rg2 Kh7 30. f5 exf5 31. Rxf5 Ndxe5 32. dxe5 d4 33. Bf3 Bxf3 34. Rxf3 Nxe5
35. Rxg7+ Kxg7 36. Rf5 Nc6 1/2-1/2

[Event "Hastings Masters 2018-19"]
[Site "Hastings ENG"]
[Date "2019.01.06"]
[Round "10.19"]
[White "Eames, Robert S"]
[Black "Comellas Blanchart, Jordi"]
[Result "1/2-1/2"]
[WhiteTitle "FM"]
[WhiteElo "2157"]
[BlackElo "2129"]
[WhiteFideId "408743"]
[BlackFideId "2291096"]
[EventDate "2018.12.28"]

1. d4 d5 2. c4 e6 3. Nc3 Nf6 4. Nf3 Be7 5. g4 O-O 6. g5 Ne4 7. Qc2 Nxc3 8. bxc3
c5 9. dxc5 Nc6 10. Bf4 Qa5 11. e3 dxc4 12. Bxc4 Qxc5 13. Bd3 e5 14. Bg3 g6 15.
Rb1 a6 16. h4 b5 17. Nh2 Be6 18. h5 Bc4 19. hxg6 Bxd3 20. gxf7+ Rxf7 21. Qxd3
Rd8 22. Qc2 Bxg5 23. Ng4 Kf8 24. Rh5 Qd5 25. Rd1 Qf3 26. Rxd8+ Bxd8 27. Qe2 e4
28. Nh6 Qxe2+ 29. Kxe2 Rd7 30. Rc5 Na5 31. Nf5 Nc4 32. Nd4 Ba5 33. Bh4 Bxc3 34.
Ne6+ Kf7 35. Ng5+ Kg7 36. Nxe4 Bb4 37. Rc6 a5 38. Bf6+ Kf7 39. Bd4 Nd6 40. Nf6
Rd8 41. Nxh7 Rg8 42. Nf6 Rg1 43. Nd5 Re1+ 44. Kf3 Ba3 45. Nf4 Rc1 46. Ra6 Nc4
47. Ra7+ Ke8 48. Ne6 Rc2 49. Nc7+ Kd8 50. Nxb5 Rxa2 51. e4 Bb2 52. Bxb2 Rxb2 53.
Nd4 Nd2+ 54. Kf4 Nxe4 55. Kxe4 Rxf2 56. Kd5 Rd2 57. Kc5 Rd1 58. Nc6+ Ke8 59.
Nxa5 Kf8 60. Nc6 Ke8 61. Nb4 Kf8 62. Nd5 Ke8 63. Kd6 Kf8 64. Ke6 Re1+ 65. Kf5
Rf1+ 66. Nf4 Ke8 67. Ke5 Re1+ 68. Kd6 Rd1+ 69. Nd5 Kf8 70. Ra4 Kf7 71. Rf4+ Kg6
72. Rg4+ Kf5 73. Rg8 Ra1 74. Rf8+ Ke4 75. Rf4+ Kd3 76. Rh4 Ra8 77. Nb4+ Ke3 78.
Nc6 Kd3 79. Kd5 Ke3 80. Re4+ Kf3 81. Nd4+ Kg3 82. Re3+ Kf4 83. Re4+ Kg3 84. Re7
Kf4 85. Rf7+ Ke3 86. Nc2+ Kd3 87. Nb4+ Ke3 88. Re7+ Kf4 89. Kd4 Ra4 90. Rf7+ Kg4
91. Kc5 1/2-1/2

[Event "Hastings Masters 2018-19"]
[Site "Hastings ENG"]
[Date "2019.01.06"]
[Round "10.22"]
[White "White, Stuart A"]
[Black "Chapman, Matt"]
[Result "1-0"]
[WhiteElo "2096"]
[BlackElo "1902"]
[WhiteFideId "407747"]
[BlackFideId "435848"]
[EventDate "2018.12.28"]

1. c4 c6 2. d4 d5 3. Nf3 Nf6 4. Nc3 dxc4 5. a4 Bf5 6. Ne5 Nbd7 7. Nxc4 Qc7 8. g3
e5 9. dxe5 Nxe5 10. Bf4 Nfd7 11. Bg2 f6 12. O-O g5 13. Bxe5 Nxe5 14. Ne3 Be6 15.
Rc1 Qa5 16. Ne4 Rd8 17. Qc2 Be7 18. b4 Qb6 19. a5 Qxb4 20. Rb1 Qxa5 21. Rxb7 Bc8
22. Rbb1 g4 23. Nc4 Nxc4 24. Qxc4 Qa6 25. Qb3 Kf8 26. Ra1 Qb6 27. Qc3 Kg7 28.
Rfb1 Qd4 29. Qxc6 f5 30. e3 Qe5 31. Qc3 Qxc3 32. Nxc3 Bc5 33. Rb5 Bb6 34. Nd5
Rd6 35. Nxb6 axb6 36. h3 Bd7 37. Rb4 h5 38. Rab1 Rb8 39. h4 Be6 40. Kf1 Kf6 41.
Ke1 Bd7 42. Rd1 Rxd1+ 43. Kxd1 Be8 44. Rd4 Ke6 45. Bd5+ Kf6 46. Bb3 b5 47. Rd6+
Ke7 48. Re6+ Kd8 49. Rf6 Bd7 50. Rf8+ Kc7 51. Rxb8 Kxb8 52. Bf7 Kc7 53. Bxh5 Kd6
54. Bf7 Ke7 55. Bb3 Be8 56. Kd2 Kd6 57. Kc3 Kc5 58. Be6 Bg6 59. Bg8 Be8 60. Bh7
Bd7 61. Bg6 Kd6 62. Bf7 Ke5 63. Kb4 Ke4 64. Kc5 Ke5 65. Bd5 b4 66. Bb3 Ke4 67.
Kd6 Be8 68. Bd5+ Kd3 69. Ke7 Bh5 70. Kf6 Ke2 71. Kxf5 Kxf2 72. Kf4 Ke2 73. e4
Kd3 74. Kg5 Be8 75. h5 b3 76. Bxb3 1-0

[Event "Hastings Masters 2018-19"]
[Site "Hastings ENG"]
[Date "2019.01.06"]
[Round "10.24"]
[White "Pitschka, Claus"]
[Black "Ruane, Brendan J"]
[Result "1-0"]
[WhiteTitle "FM"]
[WhiteElo "2228"]
[BlackElo "1874"]
[WhiteFideId "4617762"]
[BlackFideId "430218"]
[EventDate "2018.12.28"]

1. d4 d5 2. c4 e6 3. Nc3 a6 4. cxd5 exd5 5. Bf4 Nf6 6. e3 Bd6 7. Bg5 Be6 8. Bd3
h6 9. Bh4 g5 10. Bg3 h5 11. Bxd6 Qxd6 12. h4 g4 13. Nge2 Nbd7 14. Qb3 b5 15. Qd1
Nb6 16. Nf4 g3 17. fxg3 Nc4 18. Bxc4 bxc4 19. Qa4+ Bd7 20. Qc2 Rg8 21. O-O-O
Rxg3 22. Rde1 O-O-O 23. Rhf1 Ng4 24. Ncxd5 Be6 25. e4 Bxd5 26. Nxd5 c3 27. Rxf7
cxb2+ 28. Kb1 Rd7 29. Ref1 Kb7 30. Qxb2+ Ka7 31. Ka1 Ne3 32. Rxd7 Qxd7 33. Rb1
Qb5 34. Qxb5 axb5 35. Nxe3 Rxe3 36. Rxb5 Rxe4 37. Rxh5 Rxd4 38. g3 Rd2 39. g4
Kb6 40. a4 c5 41. Kb1 Rg2 42. Rg5 Ka5 43. Rxc5+ Kb4 44. Rg5 Kxa4 45. Kc1 Kb3 46.
Kd1 Kc3 47. Ke1 Kd3 48. Kf1 Rh2 49. h5 Ke3 50. Kg1 Rc2 51. Rf5 Ke4 52. h6 1-0

[Event "Hastings Masters 2018-19"]
[Site "Hastings ENG"]
[Date "2019.01.06"]
[Round "10.27"]
[White "Fowler, David"]
[Black "Rayner, Francis"]
[Result "1/2-1/2"]
[WhiteElo "1929"]
[BlackElo "2048"]
[WhiteFideId "2461595"]
[BlackFideId "1800132"]
[EventDate "2018.12.28"]

1. d4 Nf6 2. c4 e6 3. Nc3 Bb4 4. e3 c5 5. Ne2 cxd4 6. exd4 O-O 7. a3 Be7 8. d5
exd5 9. cxd5 Bc5 10. b4 Bb6 11. Na4 d6 1/2-1/2

[Event "Hastings Masters 2018-19"]
[Site "Hastings ENG"]
[Date "2019.01.06"]
[Round "10.28"]
[White "Larsen, Andreas"]
[Black "Faulks, Nick"]
[Result "0-1"]
[BlackTitle "CM"]
[WhiteElo "1933"]
[BlackElo "1917"]
[WhiteFideId "1504843"]
[BlackFideId "8800103"]
[EventDate "2018.12.28"]

1. g4 d5 2. Bg2 Bxg4 3. c4 c6 4. cxd5 cxd5 5. Qb3 Qc8 6. Nc3 Nc6 7. Nxd5 Nf6 8.
d4 Nxd4 9. Qa4+ Nc6 10. Bd2 Nxd5 11. Bxd5 Bd7 12. Rc1 e6 13. Bg2 Qd8 14. Nf3 Rc8
15. Bc3 b5 16. Qxb5 Nb4 17. Qh5 g6 18. Qe5 f6 19. Qd4 Nxa2 20. Rd1 Nxc3 21. bxc3
Bc5 22. Qe4 Qe7 23. Qb7 e5 24. O-O Be6 25. Qb5+ Kf7 26. Rd2 Rhd8 27. Rfd1 Rxd2
28. Rxd2 Bb6 29. h4 Rxc3 30. Rd1 Qc5 31. Rd7+ Bxd7 32. Qxd7+ Qe7 33. Qd5+ Qe6
34. Qd2 Qc8 35. Qh6 Kg8 36. Ng5 fxg5 37. Bd5+ Kh8 38. Qxg5 Bxf2+ 0-1

[Event "Hastings Masters 2018-19"]
[Site "Hastings ENG"]
[Date "2019.01.06"]
[Round "10.31"]
[White "Stoyanov, Boris"]
[Black "Witt, Holger"]
[Result "0-1"]
[WhiteElo "1583"]
[BlackElo "1567"]
[WhiteFideId "456462"]
[BlackFideId "24678139"]
[EventDate "2018.12.28"]

1. d4 e6 2. e4 d5 3. Nc3 Nf6 4. e5 Nfd7 5. Nf3 a6 6. a4 c5 7. Be3 Nc6 8. Be2
cxd4 9. Bxd4 Nxd4 10. Qxd4 f5 11. g4 Bc5 12. Qf4 O-O 13. b4 Ba7 14. a5 b5 15.
Rg1 Qc7 16. Ra3 fxg4 17. Qxg4 Nxe5 18. Qg3 Nxf3+ 19. Bxf3 Qxg3 20. Rxg3 Bb8 21.
Rg2 Rxf3 22. Nxb5 Rxa3 23. Nxa3 Bb7 24. Rg4 Bxh2 25. c4 dxc4 26. Nxc4 Bd5 27.
Nb6 Rd8 28. Rd4 Bc7 29. Nc4 Bf3 30. Rxd8+ Bxd8 31. Kd2 Bf6 32. Kd3 h5 33. Ne3 h4
34. Nf1 h3 35. Nh2 Be5 36. Nxf3 h2 37. Nxh2 Bxh2 38. Kc4 Bg1 39. f3 Kf7 40. b5
axb5+ 41. Kxb5 Kf6 42. Kc6 Kf5 43. Kd6 e5 44. Kd5 g5 45. a6 Kf4 46. Ke6 e4 47.
fxe4 Kxe4 48. Kf6 g4 49. Kg5 Kf3 50. Kh4 Bf2+ 51. Kh5 g3 52. Kh4 g2+ 53. Kh3
g1=Q 54. a7 Qg3# 0-1

[Event "Hastings Masters 2018-19"]
[Site "Hastings ENG"]
[Date "2019.01.06"]
[Round "10.32"]
[White "Barton, R Alan"]
[Black "Park, Sijoon"]
[Result "1-0"]
[WhiteElo "1991"]
[BlackElo "1243"]
[WhiteFideId "404233"]
[BlackFideId "13207296"]
[EventDate "2018.12.28"]

1. d4 Nf6 2. Nf3 g6 3. h3 Bg7 4. Nc3 d5 5. Bf4 a6 6. e3 e6 7. Be2 O-O 8. O-O
Nbd7 9. Ne5 Re8 10. Bf3 b6 11. Nc6 b5 12. Nxd8 Rxd8 13. Bxc7 Re8 14. a3 Bb7 15.
Qd3 Rac8 16. Ba5 e5 17. Bg4 Nxg4 18. hxg4 e4 19. Qe2 Re6 20. g5 Ree8 21. Qg4 f5
22. Qh4 Nf8 23. Rac1 Ne6 24. Ne2 Re7 25. Nf4 Nxf4 26. Qxf4 Rf8 27. Bb4 Ree8 28.
Bxf8 1-0

[Event "Hastings Masters 2018-19"]
[Site "Hastings ENG"]
[Date "2019.01.06"]
[Round "10.33"]
[White "Kearsley, Raymond J"]
[Black "Choi, Shinwoo"]
[Result "1-0"]
[WhiteElo "1537"]
[BlackElo "1219"]
[WhiteFideId "470562"]
[BlackFideId "13209892"]
[EventDate "2018.12.28"]

1. e4 c5 2. Nf3 e6 3. c3 d5 4. e5 f6 5. d4 Nc6 6. Bb5 Bd7 7. Bxc6 Bxc6 8. O-O
cxd4 9. cxd4 fxe5 10. dxe5 Ne7 11. Nd4 Qb6 12. Nc3 Bd7 13. Be3 Qxb2 14. Na4 Qb4
15. Nc5 Qxc5 16. Nf5 Qc7 17. Nd6+ Kd8 18. Rc1 Qb8 19. Nf7+ Ke8 20. Nxh8 Qxe5 21.
Bd4 Qg5 22. f4 Qh6 23. Rc3 e5 24. fxe5 g6 25. Nf7 Qh4 26. Nd6+ Kd8 27. Rxf8+ Be8
28. Nxb7+ Kd7 29. Qa4+ Nc6 30. Qxc6+ Ke7 31. Qd6# 1-0